00928nam a22002417a 45000010005000000030006000050050017000110080041000280400029000690500015000980820008001131000016001212450073001372500018002102600040002283000045002684900065003135050008003785200228003865210029006145210020006436500023006634827FISKH20241017101814.0241017b cb ||||| |||| 00| 0 eng d aFISKHbengcFISKHdFISKH aPZ7.G75149 a813 aGrace, N.B. aStories from East High #1 : bBattle of the Bands / cby N.B. Grace  aFirst Edition aNew York : bDisnep Press ;c2007 . a142 pages : billustrations ; c20 cm .  a Disney High School Musical: Stories from East High vBook 1 aK  aWhen East High puts on a battle of the bands contest, Troy is set to perform with his basketball buddies and Sharpay will be in her own girl group, but Gabriella wonders why Troy does not want to join forces with her again.8 a510 bLexile estimate 8 aK bRaz-Plus  amusical vfictioon